000 00225nam a2200109Ia 4500
008 240625s9999 xx 000 0 und d
041 _aeng
100 _aCSE
245 _aFUEL FOR THOUGHT
260 _c2007
365 _cRS
_b20
999 _c33763
_d33763